000 01183cam a22002174a 4500
005 20250605163944.0
008 250528s ||||||||||||||||||||||||d
035 _a15154
020 _a132880776
040 _aGR-AtMCL
_bgre
_dGR-AtMCL
_eAACR2
245 1 _aThe Essence of International Business
260 _bPrentice Hall,
_c1993
300 _a230
520 _aThe Prentice Hall Essence of Management series is concise, analytical and uniform in its approach to the key topics of good business practice. The Growth of International Business, The Multinational Corporation, The Environment of International Business, International Business Strategy, International Marketing Strategy, International Technology Strategy, International Financial Strategy, International Operations Strategy, International Personnel Strategy, International Organization and Control Strategy, International Subsidiary Strategy, International Acquisitions: Strategy and Management, International Business in the Future, Index.
700 1 _aBuckley Adrian
_91011
700 1 _aMcdermott Michael C
_91012
700 1 _aTaggart James H
_91013
942 _cBK
999 _c748
_d748